Manual del escritor /

Saved in:
Bibliographic Details
Main Author: Pérez, Santos (autor)
Format: Book
Language:Español
Published: Madrid, España : Dossat, 2002, c2002
Series:(Humanidades, Libros de Citas)
Subjects:
Tags: Add Tag
No Tags, Be the first to tag this record!

MARC

LEADER 00000nam^a2200000^a^4500
001 000154710
005 20250521000000.0
009 20260310100404.774
020 |a 84-95312-97-2 
037 |a Acervo ITESO - Biblioteca 
041 |a ESP 
082 |a 808. 0461  |b PER 
100 |a Pérez, Santos  |e (autor) 
245 1 0 |a Manual del escritor /  |c S. Pérez. 
264 4 |a Madrid, España :  |b Dossat,  |c 2002, c2002 
300 |a 383 p. 
336 |a texto  |b txt  |2 rdacontenido 
337 |a sin mediación  |b n  |2 rdamedio 
338 |a volumen  |b nc  |2 rdasoporte 
440 1 |a (Humanidades, Libros de Citas) 
649 |a XX 
650 |a Investigación Documental 
650 |a Redacción 
650 |a Gramática 
650 |a Español 
650 |a Lenguas Romances 
650 |a Lenguas Itálicas 
650 |a Lenguas Indo-Europeas 
650 |a Lenguaje y Lenguas 
650 |a Lingüística 
650 |a Metodología 
650 |a Comunicación Escrita 
650 |a Retórica 
910 |a Fondo General 
920 |a Impresos - Libros 
930 |a Colección General 
940 |a Literatura 
905 |a 101 
901 |a 0500086343  |b IT1  |c LIT  |u 20250521 
902 |a https://opac.biblio.iteso.mx/vufind/Record/000154710